UBT Library

The Basics of Speech/ (Record no. 486)

000 -LEADER
fixed length control field 00635nam a22001937a 4500
005 - DATE AND TIME OF LATEST TRANSACTION
control field 20140607045113.0
008 - FIXED-LENGTH DATA ELEMENTS--GENERAL INFORMATION
fixed length control field 140607b xxu||||| |||| 00| 0 eng d
020 ## - INTERNATIONAL STANDARD BOOK NUMBER
International Standard Book Number 0844250503
024 #0 - OTHER STANDARD IDENTIFIER
Terms of availability eng
080 ## - UNIVERSAL DECIMAL CLASSIFICATION NUMBER
Universal Decimal Classification number 007
100 ## - Rafti
-- Galvin M. Kathleen
245 ## - TITLE STATEMENT
Title The Basics of Speech/
Statement of responsibility, etc Kathleen M. Galvin ; Pamela J. Cooper ; Jeanie McKinney Gordon.
250 ## -
-- 2 st.ed.;
260 ## -
-- United States of America,
-- National Textbook Company,
-- 1994,
300 ## -
-- 512 f.:
-- me il.;
-- 24 cm,
650 ## -
-- Komunikimi,
700 ## -
-- Pamela J. Cooper ; Jeanie McKinney Gordon.
942 ## - ADDED ENTRY ELEMENTS (KOHA)
Source of classification or shelving scheme
Item type Books
Holdings
Withdrawn status Lost status Source of classification or shelving scheme Damaged status Not for loan Collection code Permanent location Current location Shelving location Date acquired Total Checkouts Full call number Barcode Date last seen Koha item type
          Koleksioni i përgjithshem UBT - Ferizaj UBT - Ferizaj Koleksioni i përgjithshem 06/07/2014   007 GAL 003000606 06/07/2014 Books
          Koleksioni i përgjithshem UBT - Ferizaj UBT - Ferizaj Koleksioni i përgjithshem 06/07/2014   007 GAL 003000607 06/07/2014 Books
          Koleksioni i përgjithshem UBT - Ferizaj UBT - Ferizaj Koleksioni i përgjithshem 06/07/2014   007 GAL 003000608 06/07/2014 Books
          Koleksioni i përgjithshem UBT - Ferizaj UBT - Ferizaj Koleksioni i përgjithshem 06/07/2014   007 GAL 003000609 06/07/2014 Books
          Koleksioni i përgjithshem UBT - Ferizaj UBT - Ferizaj Koleksioni i përgjithshem 06/07/2014   007 GAL 003000610 06/07/2014 Books
          Koleksioni i përgjithshem UBT - Ferizaj UBT - Ferizaj Koleksioni i përgjithshem 06/07/2014   007 GAL 003000611 06/07/2014 Books
          Koleksioni i përgjithshem UBT - Ferizaj UBT - Ferizaj Koleksioni i përgjithshem 06/07/2014   007 GAL 003000612 06/07/2014 Books
          Koleksioni i përgjithshem UBT - Ferizaj UBT - Ferizaj Koleksioni i përgjithshem 06/07/2014   007 GAL 003000613 06/07/2014 Books
UBT Library © 2015-2024. All rights reserved University Education for Business and Technology